[Event "Championnat de France - Open D"]
[Site "PAU"]
[Date "2012.08.22"]
[Round "9.4"]
[White "Brivet-Naudot, Cyril"]
[Black "Grothe, Alice"]
[Result "1-0"]
[WhiteElo "1499"]
[BlackElo "1468"]
[PlyCount "105"]

1. e4 d5 2. exd5 c6 3. dxc6 Nxc6 4. Nf3 e5 5. Bb5 Bd6 6. Nc3 Bg4 7. h3 Bh5 8.
Bxc6+ bxc6 9. d3 Ne7 10. Bd2 O-O 11. Ne4 Bc7 12. O-O f5 13. Ng3 Bg6 14. Nh4 Qd6
15. Bg5 f4 16. Bxe7 Qxe7 17. Nxg6 hxg6 18. Ne4 Qh4 19. Qg4 Qxg4 20. hxg4 f3 21.
gxf3 Rxf3 22. Kg2 Raf8 23. Ng5 R3f6 24. f3 c5 25. Rh1 Rc6 26. Rh3 Bd8 27. Ne4
g5 28. Rah1 Be7 29. Rh8+ Kf7 30. Rxf8+ Kxf8 31. Rh8+ Kf7 32. b3 Ra6 33. a4 Rc6
34. Rb8 Rc7 35. Rb5 Ke6 36. Kf2 Kd5 37. Ke3 Ke6 38. Kd2 g6 39. Rb8 Rc6 40. Ra8
a6 41. Ke3 Kd7 42. Ra7+ Ke6 43. Rb7 Bf6 44. Nxf6 Kxf6 45. Ke4 Ke6 46. Rb8 Kf6
47. Kd5 Rc7 48. Rb6+ Kf7 49. Rxa6 Kf8 50. Rxg6 Rf7 51. Kxe5 Rxf3 52. Rf6+ Rxf6
53. Kxf6 1-0

[Event "Championnat de France - Open D"]
[Site "PAU"]
[Date "2012.08.23"]
[Round "9.5"]
[White "Apap, Titouan"]
[Black "Salvi, Michel"]
[Result "0-1"]
[WhiteElo "1420"]
[BlackElo "1499"]
[PlyCount "68"]

1. e4 c5 2. Nf3 d6 3. d4 cxd4 4. Nxd4 Nf6 5. Nc3 a6 6. Bd3 e5 7. Nf3 h6 8. O-O
Be7 9. h3 Be6 10. Be3 O-O 11. Na4 Nbd7 12. c4 b5 13. cxb5 axb5 14. Bxb5 Nxe4
15. Bxd7 Bxd7 16. Nb6 Rb8 17. Nxd7 Qxd7 18. Nxe5 Qb5 19. Nd3 Bf6 20. a4 Qb7 21.
Rb1 d5 22. Rc1 g5 23. Bc5 Rfe8 24. b4 d4 25. f4 Nc3 26. Qg4 Re2 27. fxg5 Re4
28. Qh5 Bxg5 29. Bxd4 Ne2+ 30. Kh1 Ng3+ 31. Kg1 Nxh5 32. Nc5 Qxb4 33. Bf2 Bxc1
34. Rxc1 Rc4 0-1

[Event "Championnat de France - Open D"]
[Site "PAU"]
[Date "2012.08.23"]
[Round "9.6"]
[White "Georges, Lisa"]
[Black "Houssaye, Martin"]
[Result "1-0"]
[WhiteElo "1388"]
[BlackElo "1470"]
[PlyCount "77"]

1. d4 Nf6 2. c4 e6 3. Nc3 Bb4 4. Nf3 c5 5. Bd2 cxd4 6. Nxd4 O-O 7. e3 Nc6 8.
Be2 Nxd4 9. exd4 Bxc3 10. Bxc3 d5 11. O-O Bd7 12. b3 Rc8 13. Rc1 Ne4 14. Bb4
Re8 15. f3 Nf6 16. Bd3 Bc6 17. Be1 Nd7 18. Bg3 f5 19. f4 Nf6 20. Bh4 Rf8 21.
Re1 Qd6 22. Qd2 Ne4 23. Bxe4 fxe4 24. Bg3 Qe7 25. c5 Bb5 26. Qa5 a6 27. Qd2 Bd3
28. Qf2 Qd7 29. Qe3 Qb5 30. Rc3 Rc6 31. Qd2 Rfc8 32. a4 Qb4 33. Rxd3 Qxd2 34.
Rxd2 b6 35. cxb6 Rxb6 36. Rb1 Rc3 37. Rdb2 Rd3 38. b4 Rxb4 39. Bf2 1-0

[Event "Championnat de France - Open D"]
[Site "PAU"]
[Date "2012.08.23"]
[Round "9.7"]
[White "Fouliard, Matthieu"]
[Black "Sauvage, Thierry"]
[Result "1-0"]
[WhiteElo "1391"]
[BlackElo "1489"]
[PlyCount "69"]

1. e4 c6 2. d4 d5 3. exd5 cxd5 4. Nf3 Nc6 5. c3 Bg4 6. Bd3 Nf6 7. O-O e6 8. Re1
Qc7 9. h3 Bxf3 10. Qxf3 Be7 11. Bf4 Qd7 12. Nd2 O-O 13. Nb3 a6 14. Nc5 Bxc5 15.
dxc5 Rfc8 16. Qg3 Na7 17. Be5 Nh5 18. Qh4 g6 19. g4 f6 20. Bd4 e5 21. Be3 Nf4
22. Bxf4 exf4 23. Qxf6 Nc6 24. Qxf4 Rf8 25. Qg5 Rf6 26. Qxf6 Rf8 27. Qe6+ Qf7
28. Qxf7+ Kxf7 29. Re3 d4 30. Rf3+ Kg7 31. Rxf8 Kxf8 32. Be4 Ne5 33. cxd4 Nc4
34. Bxb7 Na5 35. Re1 1-0

[Event "Championnat de France - Open D"]
[Site "PAU"]
[Date "2012.08.23"]
[Round "9.8"]
[White "Ferre, Gael"]
[Black "Normand, Josselin"]
[Result "1-0"]
[WhiteElo "1410"]
[BlackElo "1488"]
[PlyCount "56"]

1. e4 d5 2. exd5 Nf6 3. c4 e6 4. dxe6 Bxe6 5. Nf3 Nc6 6. d4 Qe7 7. Qb3 O-O-O 8.
Be3 Bf5 9. Be2 Ng4 10. a3 Nxe3 11. fxe3 Re8 12. Kf2 g6 13. Re1 Bh6 14. Bf1 g5
15. Nc3 g4 16. Nd5 Qe6 17. Nf4 Qd7 18. d5 Bxf4 19. dxc6 Qxc6 20. Nd4 g3+ 21.
hxg3 Bxg3+ 22. Kxg3 Qf6 23. Nxf5 Rhg8+ 24. Kh2 Qxf5 25. Kg1 Re4 26. Qd1 Reg4
27. Qd5 Qg6 28. Rad1 b6 1-0

[Event "Championnat de France - Open D"]
[Site "PAU"]
[Date "2012.08.23"]
[Round "9.9"]
[White "Jacob, Eva"]
[Black "Malassagne, Gabriel"]
[Result "0-1"]
[WhiteElo "1484"]
[BlackElo "1396"]
[PlyCount "70"]

1. e4 c5 2. d4 cxd4 3. c3 dxc3 4. Nxc3 Nc6 5. Bc4 e6 6. Nf3 a6 7. O-O Nge7 8.
Bg5 f6 9. Be3 b5 10. Bd3 Ng6 11. Qc2 Nge5 12. Nxe5 Nxe5 13. Be2 Qc7 14. Rac1
Bb7 15. b3 b4 16. f4 Nf7 17. Na4 Qxc2 18. Rxc2 Bxe4 19. Rc4 Bd5 20. Rd4 Bc6 21.
Rfd1 Be7 22. R4d2 a5 23. Nb6 Rd8 24. Rc1 Nh6 25. g4 f5 26. g5 Nf7 27. Bd4 O-O
28. Be3 Nd6 29. Rdc2 Ne4 30. Bc4 Nc3 31. Bd4 Be4 32. Rd2 Bc6 33. Rb2 Bd6 34.
Bxc3 bxc3 35. Rxc3 Bc5+ 0-1

[Event "Championnat de France - Open D"]
[Site "PAU"]
[Date "2012.08.23"]
[Round "9.10"]
[White "Joyeux, Chloe"]
[Black "Bruneau, Maylis"]
[Result "1-0"]
[WhiteElo "1432"]
[BlackElo "1402"]
[PlyCount "63"]

1. e4 c5 2. c3 Nc6 3. d4 cxd4 4. cxd4 g6 5. Nf3 Bg7 6. Nc3 e6 7. Bf4 Nge7 8.
Be2 a6 9. O-O O-O 10. Qd2 b5 11. a3 Qb6 12. Rfd1 Bb7 13. Bh6 d5 14. e5 Nf5 15.
Bxg7 Kxg7 16. Bf1 Rac8 17. Ne2 Rc7 18. Qg5 f6 19. exf6+ Rxf6 20. Nf4 Kf7 21.
Ne5+ Ke7 22. Ng4 Kf8 23. Nxf6 Rf7 24. Nxe6+ Ke7 25. Nxd5+ Kxe6 26. Nxb6 Nfxd4
27. Qd5+ Ke7 28. Rxd4 Nxd4 29. Qxb7+ Kf6 30. Qxa6 Kg7 31. Rd1 Ne6 32. Rd7 1-0

[Event "Championnat de France - Open D"]
[Site "PAU"]
[Date "2012.08.24"]
[Round "10.1"]
[White "Thouvenin, Jean-Claude"]
[Black "Fares, Leo"]
[Result "1-0"]
[WhiteElo "1499"]
[BlackElo "1488"]
[PlyCount "43"]

1. e4 d5 2. exd5 Qxd5 3. Nc3 Qa5 4. Bc4 Nf6 5. d3 c6 6. Bd2 Qc7 7. h3 Bf5 8.
Qf3 e6 9. Nge2 Bd6 10. O-O-O b5 11. Nxb5 Qd8 12. Nxd6+ Qxd6 13. g4 Bg6 14. h4
h6 15. h5 Bh7 16. Rhg1 Nbd7 17. Qg2 Rb8 18. f4 Qc5 19. Bc3 Qe3+ 20. Kb1 Qc5 21.
Bd4 Qa3 22. Bb3 1-0

[Event "Championnat de France - Open D"]
[Site "PAU"]
[Date "2012.08.24"]
[Round "10.2"]
[White "Azouni, Anais"]
[Black "Baudry, Clement"]
[Result "0-1"]
[WhiteElo "1439"]
[BlackElo "1478"]
[PlyCount "78"]

1. e4 b6 2. d4 Bb7 3. Nc3 e6 4. Nf3 Bb4 5. Bd3 Nf6 6. e5 Ne4 7. Bxe4 Bxe4 8.
Bd2 Bb7 9. a3 Be7 10. Be3 d5 11. exd6 cxd6 12. d5 e5 13. Ne4 h6 14. c4 Nd7 15.
Qb3 f5 16. Nc3 f4 17. Bd2 Nc5 18. Qc2 O-O 19. b4 Nd7 20. O-O Rc8 21. Qa4 a6 22.
b5 Nc5 23. Qc2 a5 24. Rac1 Rc7 25. Ne4 Nxe4 26. Qxe4 Bc8 27. Qe2 Bf5 28. Bc3
Qe8 29. Rfd1 Qg6 30. c5 Rxc5 31. Bd4 Rxc1 32. Rxc1 Bd3 33. Qe1 e4 34. Nd2 f3
35. Nxf3 exf3 36. g3 Be2 37. Rc7 Bf6 38. Qc3 Bxd4 39. Qxd4 Qb1+ 0-1

[Event "Championnat de France - Open D"]
[Site "PAU"]
[Date "2012.08.24"]
[Round "10.3"]
[White "Salvi, Michel"]
[Black "Fouliard, Matthieu"]
[Result "1-0"]
[WhiteElo "1499"]
[BlackElo "1391"]
[PlyCount "55"]

1. e4 e5 2. Nf3 Nc6 3. Bb5 Nge7 4. c3 g6 5. O-O Bg7 6. d4 exd4 7. cxd4 d5 8. e5
O-O 9. Bg5 f6 10. exf6 Bxf6 11. Bxf6 Rxf6 12. Ne5 Nxe5 13. dxe5 Rf5 14. Qd4 Nc6
15. Bxc6 bxc6 16. Nc3 Qg5 17. f4 Qh4 18. Nxd5 cxd5 19. Qxd5+ Kh8 20. Qxa8 Rf8
21. Qxa7 Rxf4 22. Qxc7 Be6 23. Rxf4 Qxf4 24. Qd8+ Bg8 25. Qf6+ Qxf6 26. exf6
Bc4 27. b3 Bd5 28. Rd1 1-0

[Event "Championnat de France - Open D"]
[Site "PAU"]
[Date "2012.08.24"]
[Round "10.4"]
[White "Georges, Lisa"]
[Black "Buyukyalcin-Moussa, Kadir"]
[Result "0-1"]
[WhiteElo "1388"]
[BlackElo "1445"]
[PlyCount "70"]

1. d4 Nf6 2. c4 e6 3. Nc3 Be7 4. Nf3 d5 5. e3 c5 6. dxc5 Bxc5 7. cxd5 exd5 8.
Be2 O-O 9. a3 a5 10. O-O Nc6 11. b3 Bf5 12. Bb2 Re8 13. Rc1 Bd6 14. Kh1 Bc7 15.
Nb5 Be6 16. Ng5 Ne4 17. Nxe6 fxe6 18. Nxc7 Qxc7 19. Qc2 e5 20. Bb5 Rac8 21.
Rfd1 Qf7 22. f3 Nd6 23. Bxc6 Rxc6 24. Qd2 Rxc1 25. Rxc1 e4 26. f4 Nf5 27. Rc5
b6 28. Rxd5 Nxe3 29. Qd4 Nxd5 30. f5 e3 31. Qd1 e2 32. Qe1 Nf4 33. Bc3 Nd3 34.
Qg3 e1=Q+ 35. Bxe1 Rxe1+ 0-1

[Event "Championnat de France - Open D"]
[Site "PAU"]
[Date "2012.08.24"]
[Round "10.5"]
[White "Brivet-Naudot, Cyril"]
[Black "Ferre, Gael"]
[Result "1-0"]
[WhiteElo "1499"]
[BlackElo "1410"]
[PlyCount "59"]

1. e4 e5 2. Nf3 Nc6 3. Bc4 Bc5 4. O-O Nf6 5. d3 O-O 6. c3 d6 7. Bg5 h6 8. Bxf6
Qxf6 9. h3 g5 10. Nh2 Kh7 11. Nd2 Qg6 12. Qe2 Bd7 13. Kh1 Ne7 14. Nhf3 f5 15.
exf5 Nxf5 16. g4 Ne7 17. d4 e4 18. dxc5 exf3 19. Qxe7+ Qg7 20. Qxg7+ Kxg7 21.
cxd6 h5 22. gxh5 Rh8 23. Nxf3 Rxh5 24. Kg2 Bxh3+ 25. Kg3 Bxf1 26. Rxf1 cxd6 27.
Bd5 Kf6 28. c4 Rb8 29. Re1 Kg7 30. Kg4 1-0

[Event "Championnat de France - Open D"]
[Site "PAU"]
[Date "2012.08.24"]
[Round "10.6"]
[White "Malassagne, Gabriel"]
[Black "Joyeux, Chloe"]
[Result "1-0"]
[WhiteElo "1396"]
[BlackElo "1432"]
[PlyCount "75"]

1. e4 c6 2. d4 d5 3. exd5 cxd5 4. Nf3 Bg4 5. c3 Bxf3 6. Qxf3 Nf6 7. Bg5 Nbd7 8.
Bb5 a6 9. Bxf6 axb5 10. Bh4 Nb6 11. Nd2 Nc4 12. Nxc4 bxc4 13. O-O Qd7 14. a3 e6
15. Rfe1 Bd6 16. Kh1 O-O 17. Qg4 Kh8 18. Re3 Rae8 19. Bg3 f5 20. Qh4 f4 21.
Bxf4 Rxf4 22. Qg3 Rf6 23. Qh4 Rh6 24. Qg4 Bxh2 25. Rf3 Bd6+ 26. Rh3 Rxh3+ 27.
gxh3 Qf7 28. Rg1 Bf8 29. f4 Qf5 30. Qh4 Be7 31. Qg3 g6 32. Re1 Bd6 33. Rf1 Rf8
34. Qh4 g5 35. Qh6 gxf4 36. Rg1 Qe4+ 37. Rg2 f3 38. Qg7# 1-0

[Event "Championnat de France - Open D"]
[Site "PAU"]
[Date "2012.08.24"]
[Round "10.7"]
[White "Ragneau, Freddy"]
[Black "Barbe Asensio, Cyrielle"]
[Result "1-0"]
[WhiteElo "1499"]
[BlackElo "1410"]
[PlyCount "51"]

1. e4 b6 2. d4 Bb7 3. Bd3 f5 4. Nc3 Nf6 5. Qe2 e6 6. a3 Be7 7. Nf3 fxe4 8. Nxe4
Nxe4 9. Bxe4 Bxe4 10. Qxe4 O-O 11. Qxa8 Bd6 12. Qxa7 Nc6 13. Qa4 Qf6 14. O-O
Qg6 15. Qb3 Qh5 16. h3 Kh8 17. Qd3 e5 18. d5 Nd4 19. Nxd4 exd4 20. Qxd4 c5 21.
dxc6 Bc5 22. Qxd7 Qh4 23. Be3 Bxe3 24. fxe3 Qd8 25. Rxf8+ Qxf8 26. Rf1 1-0

[Event "Championnat de France - Open D"]
[Site "PAU"]
[Date "2012.08.24"]
[Round "10.8"]
[White "Laudat, Philippe"]
[Black "Apap, Titouan"]
[Result "1-0"]
[WhiteElo "1490"]
[BlackElo "1420"]
[PlyCount "55"]

1. d4 d5 2. Bf4 Nf6 3. e3 Bf5 4. Nf3 h6 5. h3 e6 6. Be2 Be7 7. Nbd2 Nc6 8. a3
Ne4 9. Nxe4 Bxe4 10. Bd3 Bd6 11. Bxe4 dxe4 12. Bxd6 exf3 13. Bg3 fxg2 14. Rg1
Qe7 15. Rxg2 O-O-O 16. Qf3 Kb8 17. O-O-O f6 18. d5 exd5 19. Rxd5 Qe6 20. Rxd8+
Rxd8 21. Kb1 Na5 22. Rg1 Nc4 23. Bxc7+ Kxc7 24. Rxg7+ Rd7 25. Rxd7+ Qxd7 26.
Qxf6 Qd6 27. Qf7+ Kb6 28. Qxc4 1-0

[Event "Championnat de France - Open D"]
[Site "PAU"]
[Date "2012.08.24"]
[Round "10.9"]
[White "Houssaye, Martin"]
[Black "Aumont, Tom"]
[Result "1-0"]
[WhiteElo "1470"]
[BlackElo "1390"]
[PlyCount "83"]

1. e4 e6 2. d4 d5 3. Nc3 Nf6 4. Bg5 Nbd7 5. exd5 Bb4 6. dxe6 fxe6 7. Nf3 O-O 8.
Be2 b6 9. O-O Bb7 10. Ne5 Bxc3 11. bxc3 Nxe5 12. dxe5 Qd5 13. Qxd5 Nxd5 14. Bf3
Rf5 15. Bh4 Rxe5 16. c4 Ba6 17. cxd5 Bxf1 18. d6 cxd6 19. Bxa8 Bc4 20. Bg3 Re2
21. Bxd6 Bxa2 22. h3 Rxc2 23. Bb8 Rc8 24. Rxa2 Rxb8 25. Rxa7 b5 26. Be4 b4 27.
Rb7 Rxb7 28. Bxb7 Kf7 29. Kf1 Kf6 30. Be4 h6 31. Ke2 Ke5 32. Kd3 b3 33. Bf3 b2
34. Kc2 Kd4 35. Kxb2 Kd3 36. Bg4 e5 37. f3 e4 38. Bf5 Ke3 39. fxe4 Kd4 40. Kc2
g5 41. g4 Ke5 42. Kd3 1-0

[Event "Championnat de France - Open D"]
[Site "PAU"]
[Date "2012.08.24"]
[Round "10.10"]
[White "Raynaud, Alexia"]
[Black "Grothe, Alice"]
[Result "0-1"]
[WhiteElo "1384"]
[BlackElo "1468"]
[PlyCount "54"]

1. e4 d5 2. exd5 c6 3. dxc6 Nxc6 4. Nc3 e5 5. Bc4 Bd6 6. Nf3 Bg4 7. O-O Nd4 8.
Bd5 Rb8 9. h3 Bh5 10. Re1 Ne7 11. Re3 Bc7 12. Bc4 a6 13. Be2 Nxe2+ 14. Qxe2 Nc6
15. Qc4 O-O 16. b3 Kh8 17. Rd3 Qe7 18. Nd5 Qd6 19. Nf4 Qh6 20. Nd5 Bd8 21. Qc5
Re8 22. Re3 Rc8 23. d4 Qe6 24. Nf4 Qf5 25. Nxh5 Qxh5 26. Nxe5 Bc7 27. Qxc6 Qd1+
0-1

[Event "Championnat de France - Open D"]
[Site "PAU"]
[Date "2012.08.25"]
[Round "11.1"]
[White "Baudry, Clement"]
[Black "Thouvenin, Jean-Claude"]
[Result "1/2-1/2"]
[WhiteElo "1478"]
[BlackElo "1499"]
[PlyCount "55"]

1. e4 e6 2. d4 d5 3. Nc3 Bb4 4. e5 c5 5. a3 Bxc3+ 6. bxc3 Qa5 7. Bd2 c4 8. Qg4
g6 9. f4 Nc6 10. Nf3 Qa4 11. Ra2 Bd7 12. Be2 O-O-O 13. O-O Rf8 14. Qg3 Qa5 15.
Qe1 Nge7 16. Qb1 Nf5 17. Qb2 h5 18. Rb1 b6 19. Qc1 Kc7 20. Be1 h4 21. Qd2 Rh6
22. Ng5 Be8 23. Bg4 Rfh8 24. a4 Nd8 25. Rba1 Nc6 26. Rb1 Nd8 27. Rba1 Nc6 28.
Rb1 1/2-1/2

[Event "Championnat de France - Open D"]
[Site "PAU"]
[Date "2012.08.25"]
[Round "11.2"]
[White "Buyukyalcin-Moussa, Kadir"]
[Black "Brivet-Naudot, Cyril"]
[Result "1/2-1/2"]
[WhiteElo "1445"]
[BlackElo "1499"]
[PlyCount "94"]

1. e4 e5 2. Nc3 Nf6 3. f4 exf4 4. e5 Qe7 5. Qe2 Ng8 6. Nf3 c6 7. Ne4 f6 8. exf6
Nxf6 9. Nd6+ Kd8 10. Qxe7+ Kxe7 11. Nxc8+ Kd8 12. d4 Nd5 13. Bc4 Ne3 14. Bxe3
fxe3 15. Ke2 Kxc8 16. Kxe3 d5 17. Bd3 Nd7 18. Bf5 Kc7 19. Ng5 g6 20. Ne6+ Kd6
21. Nxf8 Re8+ 22. Kd3 Rhxf8 23. Bxd7 Kxd7 24. Rhf1 Kd6 25. Rxf8 Rxf8 26. Ke3
Rf5 27. c3 b6 28. b4 Rf8 29. a3 Re8+ 30. Kd2 Rf8 31. Ke3 Re8+ 32. Kd2 c5 33.
Rf1 cxd4 34. cxd4 Re4 35. Kd3 Ke7 36. Rc1 Kd7 37. Rf1 Re8 38. Kd2 Re4 39. Kd3
Re7 40. Kd2 Ke6 41. Ke2 Kd6+ 42. Kd3 Ke6 43. Ke2 Kd6+ 44. Kd3 Ke6 45. Ke2 Kd6+
46. Kd3 Ke6 47. Ke2 Kd6+ 1/2-1/2

[Event "Championnat de France - Open D"]
[Site "PAU"]
[Date "2012.08.25"]
[Round "11.3"]
[White "Fares, Leo"]
[Black "Salvi, Michel"]
[Result "1/2-1/2"]
[WhiteElo "1488"]
[BlackElo "1499"]
[PlyCount "119"]

1. c4 Nf6 2. Nc3 e6 3. Nf3 d5 4. e3 c5 5. d4 Nc6 6. Be2 Bd6 7. Qc2 O-O 8. O-O
a6 9. a3 dxc4 10. dxc5 Bxc5 11. Bxc4 b5 12. Rd1 Qb6 13. Be2 Bb7 14. b4 Be7 15.
Bb2 Rac8 16. Qb1 Ng4 17. h3 Nge5 18. Ne4 Nxf3+ 19. Bxf3 Rfd8 20. Rxd8+ Rxd8 21.
Qc2 a5 22. bxa5 Nxa5 23. Bd4 Rxd4 24. exd4 Qxd4 25. Rd1 Qb6 26. a4 b4 27. Rb1
b3 28. Qc3 f5 29. Nd2 Bf6 30. Qd3 Ba6 31. Qe3 Bd4 32. Qe1 Bd3 33. Nxb3 Nxb3 34.
Bd5 Bxb1 35. Bxe6+ Kf8 36. Bd7 Bxf2+ 37. Qxf2 Qxf2+ 38. Kxf2 Na5 39. Kf3 Ke7
40. Bc8 g6 41. Kf4 Bc2 42. Kg5 Kf7 43. Kh6 Kg8 44. Bd7 Be4 45. g3 Kh8 46. h4
Bc6 47. Bxc6 Nxc6 48. h5 gxh5 49. Kxh5 Kg7 50. Kg5 h6+ 51. Kxf5 Nd4+ 52. Ke4
Nb3 53. Kd5 Kg6 54. Kc4 Nd2+ 55. Kd3 Nb3 56. Kc4 Nd2+ 57. Kd3 Nb3 58. Kc4 Na5+
59. Kb5 Nb3 60. Kc4 1/2-1/2

[Event "Championnat de France - Open D"]
[Site "PAU"]
[Date "2012.08.25"]
[Round "11.4"]
[White "Malassagne, Gabriel"]
[Black "Azouni, Anais"]
[Result "1-0"]
[WhiteElo "1396"]
[BlackElo "1439"]
[PlyCount "41"]

1. e4 e6 2. d4 d5 3. Nd2 c5 4. c3 cxd4 5. cxd4 dxe4 6. Nxe4 Bb4+ 7. Nc3 Nf6 8.
Nf3 O-O 9. Bd3 Nc6 10. O-O Ne7 11. Bg5 Ned5 12. Nxd5 exd5 13. Qc2 h6 14. Bh4
Qd6 15. Bg3 Qe7 16. Qb3 Bg4 17. Ne5 a5 18. Bh4 Rfd8 19. Nxg4 g5 20. Nxh6+ Kg7
21. Nf5+ 1-0

[Event "Championnat de France - Open D"]
[Site "PAU"]
[Date "2012.08.25"]
[Round "11.5"]
[White "Rivollier, Frederic"]
[Black "Ragneau, Freddy"]
[Result "1/2-1/2"]
[WhiteElo "1455"]
[BlackElo "1499"]
[PlyCount "128"]

1. e4 e5 2. Nf3 Nc6 3. Bb5 d6 4. h3 Nf6 5. Nc3 Bd7 6. Bc4 Na5 7. Bb3 Be7 8. d3
O-O 9. Nd5 Nxd5 10. Bxd5 c6 11. Bb3 b5 12. O-O Nxb3 13. axb3 a5 14. Be3 b4 15.
Nd2 d5 16. c3 Be6 17. d4 f6 18. f4 Qc7 19. f5 Bf7 20. Qg4 Kh8 21. Qf3 Bd6 22.
dxe5 Bxe5 23. Bd4 Bd6 24. Rfc1 Rfe8 25. exd5 Bxd5 26. Qf2 Bg3 27. Qf1 Rab8 28.
c4 Bf7 29. Qf3 Bf4 30. Rd1 Rbd8 31. Nf1 c5 32. Bf2 Be5 33. Bg3 Rd4 34. Bxe5
Qxe5 35. Rxd4 Qxd4+ 36. Qf2 Ra8 37. Qxd4 cxd4 38. Rd1 Rd8 39. Kf2 a4 40. bxa4
Bxc4 41. Nd2 Bd3 42. Nf3 Bxf5 43. Rxd4 Rxd4 44. Nxd4 Bd3 45. a5 Kg8 46. b3 Kf7
47. Nc6 Ke6 48. Nxb4 Be4 49. g3 Kd6 50. Ke3 f5 51. Kd4 Bg2 52. h4 h6 53. Nd3
Be4 54. Nc5 Ba8 55. b4 g5 56. hxg5 hxg5 57. b5 f4 58. gxf4 gxf4 59. Nd3 f3 60.
Nf2 Bb7 61. a6 Bxa6 62. bxa6 Kc6 63. Ne4 Kb6 64. Ke3 Kxa6 1/2-1/2

[Event "Championnat de France - Open D"]
[Site "PAU"]
[Date "2012.08.25"]
[Round "11.6"]
[White "Fouliard, Matthieu"]
[Black "Laudat, Philippe"]
[Result "0-1"]
[WhiteElo "1391"]
[BlackElo "1490"]
[PlyCount "66"]

1. e4 e5 2. Nf3 d6 3. d4 Bg4 4. dxe5 Nd7 5. exd6 Bxd6 6. Nc3 Qe7 7. Bc4 O-O-O
8. Be3 Ne5 9. Be2 Bxf3 10. Bxf3 Nf6 11. Qe2 Bb4 12. O-O Nc6 13. Rfd1 Qe5 14.
Nb5 a6 15. Na7+ Nxa7 16. Bxa7 h5 17. Qc4 Bd6 18. g3 h4 19. Bd4 Qg5 20. Qxf7
hxg3 21. hxg3 Bxg3 22. fxg3 Qxg3+ 23. Bg2 Rh2 24. Rd2 Rhh8 25. Qe7 Rxd4 26.
Rxd4 Qe3+ 27. Kf1 Qxd4 28. Qxg7 Rd8 29. Bf3 Qc4+ 30. Ke1 Qd4 31. c3 Qe3+ 32.
Be2 Nxe4 33. Rd1 Qf2# 0-1

[Event "Championnat de France - Open D"]
[Site "PAU"]
[Date "2012.08.25"]
[Round "11.7"]
[White "Froment, Josephine"]
[Black "Houssaye, Martin"]
[Result "0-1"]
[WhiteElo "1367"]
[BlackElo "1470"]
[PlyCount "58"]

1. e4 e5 2. Nf3 Nf6 3. Nxe5 d6 4. Nf3 Nxe4 5. d4 d5 6. Bd3 Bd6 7. O-O O-O 8.
Nbd2 Nf6 9. c3 c5 10. dxc5 Bxc5 11. Qc2 Nc6 12. Nb3 Bb6 13. Bg5 h6 14. Bxf6
Qxf6 15. Rad1 Rd8 16. Rfe1 Bg4 17. Be2 Rac8 18. h3 Bxf3 19. Bxf3 d4 20. c4 Ne5
21. Bxb7 Rxc4 22. Qb1 d3 23. Kh1 Ng4 24. Rd2 Nxf2+ 25. Kh2 Ng4+ 26. Kh1 Nf2+
27. Kh2 Rh4 28. Rf1 Qf4+ 29. Kg1 Ng4+ 0-1

[Event "Championnat de France - Open D"]
[Site "PAU"]
[Date "2012.08.25"]
[Round "11.8"]
[White "Grothe, Alice"]
[Black "Georges, Lisa"]
[Result "0-1"]
[WhiteElo "1468"]
[BlackElo "1388"]
[PlyCount "116"]

1. f4 c5 2. b3 d6 3. Bb2 Nf6 4. Nf3 g6 5. e3 Bg7 6. Bc4 O-O 7. O-O Nc6 8. Qe1
Bf5 9. d3 a6 10. e4 Bd7 11. a3 b5 12. Bd5 Nxd5 13. Bxg7 Kxg7 14. exd5 Nb8 15.
Nh4 f5 16. Qg3 Be8 17. Nd2 Kh8 18. Rae1 Nd7 19. Qg5 Rf7 20. Rf3 Nf8 21. Rh3 Rg7
22. Ree3 Ra7 23. Reg3 Qa5 24. Nxf5 Qxd2 25. Kf1 Qd1+ 26. Kf2 Qxc2+ 27. Kf1 Qc1+
28. Ke2 Qb2+ 29. Kf1 gxf5 30. Qxf5 Rf7 31. Qg5 Qg7 32. Qxg7+ Rxg7 33. Rf3 Bf7
34. Rf2 Bxd5 35. Rb2 Rg4 36. g3 Be6 37. Rh5 Bf7 38. Rf5 e6 39. Rg5 Rxg5 40.
fxg5 Bg6 41. Ke2 Kg7 42. a4 bxa4 43. bxa4 h6 44. gxh6+ Kxh6 45. Rb6 d5 46. Rc6
Rb7 47. Rxc5 Rb2+ 48. Ke3 Rxh2 49. d4 Rh3 50. Kf4 Bd3 51. Rc8 Ng6+ 52. Kg4 Bf5+
53. Kf3 e5 54. dxe5 Nxe5+ 55. Kf4 Bxc8 56. Kxe5 Rxg3 57. Kxd5 Ra3 58. Kc6 Rxa4
0-1

[Event "Championnat de France - Open D"]
[Site "PAU"]
[Date "2012.08.25"]
[Round "11.9"]
[White "Jacob, Eva"]
[Black "Joyeux, Chloe"]
[Result "1-0"]
[WhiteElo "1484"]
[BlackElo "1432"]
[PlyCount "59"]

1. e4 c6 2. Nc3 d5 3. Nf3 Bg4 4. h3 Bxf3 5. Qxf3 d4 6. Ne2 e5 7. Ng3 Nf6 8. Bc4
Nbd7 9. Qb3 Nc5 10. Bxf7+ Ke7 11. Qc4 Kd7 12. a3 Kc7 13. d3 Nfd7 14. b4 Nb6 15.
Qa2 Nca4 16. O-O g6 17. f4 Qh4 18. Ne2 Bd6 19. Qe6 Nd7 20. fxe5 Bxe5 21. Bf4
Bxf4 22. Rxf4 Qh6 23. Raf1 Nab6 24. Nxd4 Rhf8 25. R4f3 Rad8 26. Qe7 Nc8 27. Qe6
Nd6 28. Kh1 Nxf7 29. Rxf7 Rde8 30. Qxd7+ 1-0

[Event "Championnat de France - Open D"]
[Site "PAU"]
[Date "2012.08.25"]
[Round "11.10"]
[White "Pedarrieu, Gerard"]
[Black "Bruneau, Maylis"]
[Result "1-0"]
[WhiteElo "1466"]
[BlackElo "1402"]
[PlyCount "181"]

1. e4 c5 2. Nf3 Nc6 3. Nc3 d6 4. Bc4 Nf6 5. d3 g6 6. h3 Bg7 7. O-O O-O 8. Be3
a6 9. a4 b6 10. Qd2 Bb7 11. Rab1 Nd7 12. Bh6 Nce5 13. Nxe5 Nxe5 14. Ba2 Bc6 15.
Bxg7 Kxg7 16. f4 Nd7 17. f5 Qc7 18. Nd5 Qd8 19. Qc3+ Ne5 20. fxg6 fxg6 21. Rxf8
Qxf8 22. Rf1 Qd8 23. Nf4 Bd7 24. b4 cxb4 25. Qxb4 b5 26. a5 Rc8 27. Rf2 Rc5 28.
d4 Nc6 29. Qb2 Rg5 30. Bd5 Nxa5 31. Ne6+ Bxe6 32. Bxe6 Nc4 33. Rf7+ Kh6 34. Qc1
Qb6 35. c3 Ne5 36. Rf8 Kh5 37. Qd1+ Kh6 38. h4 Rg3 39. Qd2+ Kh5 40. Qf4 Nf3+
41. Kh1 Qa5 42. Qc1 Nxh4 43. Rh8 g5 44. Qf1 h6 45. Bf7+ Kg4 46. Rxh6 Rxg2 47.
Be6+ Kg3 48. Rxh4 gxh4 49. Qxg2+ Kf4 50. Qd2+ Kf3 51. Kh2 b4 52. Kh3 Qb5 53.
Qg2+ Ke3 54. c4 Qa4 55. Bd5 b3 56. Qg1+ Kd3 57. Qd1+ Kc3 58. c5 dxc5 59. dxc5
Qd7+ 60. Qg4 Qc7 61. Qf3+ Kd4 62. c6 b2 63. Qd1+ Kc3 64. Qe1+ Kc2 65. Ba2 Qb8
66. Bb1+ Kb3 67. Qe3+ Kb4 68. Bc2 Kc4 69. Qd3+ Kc5 70. Qc3+ Kd6 71. e5+ Kc7 72.
Bb1 Qb6 73. Kxh4 Qxc6 74. Qxb2 Qc4+ 75. Kh3 Qe6+ 76. Kg3 Qg8+ 77. Kf3 Qd5+ 78.
Be4 Qd1+ 79. Qe2 Qb3+ 80. Kf4 Qf7+ 81. Kg5 Qg7+ 82. Bg6 e6 83. Qc4+ Kd7 84.
Qd4+ Kc7 85. Qd6+ Kb7 86. Qxe6 Qc7 87. Qf7 a5 88. e6 Kc6 89. Qxc7+ Kxc7 90. e7
a4 91. e8=Q 1-0